| 000 | 00410nam a22001697a 4500 | ||
|---|---|---|---|
| 005 | 20180703123504.0 | ||
| 008 | 160611b xxu||||| |||| 00| 0 eng d | ||
| 020 | _a978-0-07-062017-9 | ||
| 041 | _aeng | ||
| 082 |
_b6884 _a658.11 |
||
| 100 |
_aHisrich, Robert D & Others _91699 |
||
| 245 | _aEntreprenourship | ||
| 260 |
_aNew Delhi _bTata Mc G. |
||
| 300 | _a579 | ||
| 650 |
_aManagement _9241 |
||
| 942 | _cBK | ||
| 999 |
_c2398 _d2397 |
||